Cuba, Puerto Rico y Filipinas / (Record no. 156348)

MARC details
000 -LEADER
campo de control de longitud fija 01491nam a2200325 i 4500
001 - NÚMERO DE CONTROL
campo de control 156348
003 - IDENTIFICADOR DE NÚMERO DE CONTROL
campo de control ES-MaACL
005 - FECHA Y HORA DE LA ÚLTIMA TRANSACCIÓN
campo de control 20251014063224.0
008 - DATOS DE LONGITUD FIJA--INFORMACIÓN GENERAL
campo de control de longitud fija 931025s1887 sp af |||| | spa d
100 1# - ENTRADA PRINCIPAL--NOMBRE DE PERSONA
Nombre de persona Giménez Romera, Waldo,
Fechas asociadas al nombre 1835-1896
9 (RLIN) 176244
245 10 - MENCIÓN DEL TÍTULO
Título Cuba, Puerto Rico y Filipinas /
Mención de responsabilidad, etc. por Waldo Jimenez de la Romera ; fotograbados de Joaritzi [sic] y Mariezcurrena ; dibujos de Passos y Riquero ; cromos de Xumetra.
260 ## - PUBLICACIÓN, DISTRIBUCIÓN, ETC.
Lugar de publicación, distribución, etc. Barcelona :
Nombre del editor, distribuidor, etc. Estab. Tip.-Ed. de Daniel Cortezo y Cª,
Fecha de publicación, distribución, etc. 1887.
300 ## - DESCRIPCIÓN FÍSICA
Extensión 944 p., [10] h. de lám. :
Otras características físicas il. ;
Dimensiones 25 cm.
490 1# - MENCIÓN DE SERIE
Mención de serie España: sus monumentos y artes, su naturaleza e historia
510 4# - NOTA DE CITAS O REFERENCIAS BIBLIOGRÁFICAS
Nombre de la fuente Palau,
Localización dentro de la fuente 124470
530 ## - NOTA DISPONIBLE DE FORMULARIO FÍSICO ADICIONAL
Nota de formato físico adicional disponible Disponible en formato digital.
599 ## - NOTA A LAS ILUSTRACIONES
NOTA A LAS ILUSTRACIONES Las h. de grab., 6 de monumentos de la Habana, Manila y Cienfuegos y 2 de Guajiro y Guajira de Cuba.
651 #4 - PUNTO DE ACCESO ADICIONAL DE MATERIA--NOMBRE GEOGRÁFICO
Nombre geográfico Cuba-
Subdivisión general Descripción.
9 (RLIN) 8092
651 #4 - PUNTO DE ACCESO ADICIONAL DE MATERIA--NOMBRE GEOGRÁFICO
Nombre geográfico Puerto Rico-
Subdivisión general Descripción.
9 (RLIN) 9279
651 #4 - PUNTO DE ACCESO ADICIONAL DE MATERIA--NOMBRE GEOGRÁFICO
Nombre geográfico Filipinas-
Subdivisión general Descripción.
9 (RLIN) 8657
700 1# - ENTRADA AGREGADA--NOMBRE PERSONAL
Nombre de persona Joarizti (
Fechas asociadas al nombre -1910)
9 (RLIN) 151217
700 1# - ENTRADA AGREGADA--NOMBRE PERSONAL
Nombre de persona Mariezcurrena, Heribert (
Fechas asociadas al nombre 1846-1898)
9 (RLIN) 129494
700 1# - ENTRADA AGREGADA--NOMBRE PERSONAL
Nombre de persona Passos, José,
Fechas asociadas al nombre 1862-1928
9 (RLIN) 130884
700 1# - ENTRADA AGREGADA--NOMBRE PERSONAL
Nombre de persona Riquero.
9 (RLIN) 131834
700 1# - ENTRADA AGREGADA--NOMBRE PERSONAL
Nombre de persona Xumetra, F.
9 (RLIN) 117524
830 0# - PUNTO DE ACCESO ADICIONAL DE SERIE-TÍTULO UNIFORME
Título uniforme España: sus monumentos y artes, su naturaleza e historia
9 (RLIN) 188068
852 ## - LOCALIZACIÓN
Ubicación ES-MaACL
Número de control de estantería C-2041
Nota libre - Enc. tela
856 ## - LOCALIZACIÓN Y ACCESO ELECTRÓNICOS
Identificador Uniforme de Recursos <a href="http://bvpb.mcu.es/es/catalogo_imagenes/grupo.cmd?path=35196 ">http://bvpb.mcu.es/es/catalogo_imagenes/grupo.cmd?path=35196 </a>
Nota pública Biblioteca Virtual del Patrimonio Bibliográfico
Holdings
Estatus retirado Estado de pérdida Estado de daño No para préstamo Colección Biblioteca de origen Biblioteca actual Ubicación en estantería Fecha de adquisición Fuente de adquisición Total de préstamos Signatura topográfica completa Código de barras Visto por última vez Precio de reemplazo Tipo de ítem Koha
        Colección digital Biblioteca del Ateneo de Madrid Biblioteca del Ateneo de Madrid Sala Palomar 17/01/2008     C-2041 1163571 23/02/2023 23/02/2023 Libro impreso antiguo